| 000 | 00653nam a22001937a 4500 | ||
|---|---|---|---|
| 999 |
_c332559 _d332559 |
||
| 003 | NUST | ||
| 005 | 20171213122238.0 | ||
| 008 | 150902b xxu||||| |||| 00| 0 eng d | ||
| 020 | _a0071139893 | ||
| 040 | _c0 | ||
| 082 | _a658.4034 HIL | ||
| 100 |
_96815 _aHillier, Frederick S. |
||
| 245 |
_aIntroduction to Operation Research _cFrederick S. Hillier |
||
| 250 | _a7th ed. | ||
| 260 |
_cc.2000. _aRawalpindi _bNBF |
||
| 300 | _a1214p. | ||
| 500 | _aH.B | ||
| 650 |
_96819 _aOperations research _xGeneral |
||
| 942 |
_2ddc _cBK _kIESE |
||